| 000 | 01180cam a2200301 i 4500 | ||
|---|---|---|---|
| 001 | 4663267 | ||
| 003 | ARRUPE | ||
| 005 | 20150306115014.0 | ||
| 008 | 800829s1980 pauc b 011 0 eng | ||
| 010 | _a 80021842 | ||
| 020 | _a0915138441 (pbk.) | ||
| 040 |
_aDLC _cDLC _dDLC |
||
| 050 | 0 | 0 |
_aBS511.2 _b.O74 1980 |
| 082 | 0 | 0 |
_a220.6 _219 |
| 100 |
_aBeardslee, William A. _915593 |
||
| 245 | 0 | 0 |
_aOrientation by disorientation : _bstudies in literary criticism and Biblical literary criticism, presented in honor of William A. Beardslee / _cedited by Richard A. Spencer. |
| 260 |
_aPittsburgh, Pa. : _bPickwick Press, _c1980. |
||
| 300 |
_axxx, 270 p. : _bport. ; _c22 cm. |
||
| 440 | 0 |
_aPittsburgh theological monograph series ; _v35 _915594 |
|
| 500 | _aIncludes indexes. | ||
| 504 | _a"Bibliography of the writings of William A. Beardslee covering the period, 1949-1979": p. xvii-xxvii. | ||
| 600 | 1 | 0 |
_aBeardslee, William A. _915595 |
| 630 | 0 |
_aBible _xCriticism, interpretation, etc. _915596 |
|
| 700 | 1 |
_aBeardslee, William A. _915597 |
|
| 700 | 1 |
_aSpencer, Richard A. (ed.) _915598 |
|
| 906 |
_a7 _bcbc _corignew _d1 _eocip _f19 _gy-gencatlg |
||
| 942 |
_2lcc _cMONOGRAPH |
||
| 999 |
_c122218 _d122218 |
||